[Event "80th GEO-ch 2021"]
[Site "Tbilisi"]
[Date "2021.04.22"]
[Round "3.1"]
[White "Lortkipanidze, Nodar"]
[Black "Azaladze, Shota"]
[Result "1-0"]
[WhiteElo "2416"]
[BlackElo "2439"]
[Annotator "RC"]
[PlyCount "83"]
[EventDate "2021.04.20"]
[EventType "tourn"]
[EventCountry "GEO"]
[SourceTitle "playchess.com"]
[Source "ChessBase"]
[SourceQuality "1"]
[TimeControl "5400+30"]

1. e4 {[%emt 0:00:00]} c6 {[%emt 0:00:00]} 2. c4 {[%emt 0:00:19]} d5 {[%emt 0:02:33]} 3. exd5 {[%emt 0:00:16]} cxd5 {[%emt 0:00:01]} 4. cxd5 {[%emt 0:00:07]} Nf6 {[%emt 0:00:23]} 5. Nc3 {[%emt 0:00:05]} g6 {[%emt 0:00:06]} 6. Qb3 {[%emt 0:00:25]} Bg7 {[%emt 0:00:20]} 7. g3 {[%emt 0:00:04]} O-O {[%emt 0:03:21]} 8. Bg2 {[%emt 0:03:42]} Na6 {[%emt 0:03:56]} 9. d4 {[%emt 0:00:24]} Qa5 {[%emt 0:03:09]} 10. Nge2 {[%emt 0:04:25]} Rd8 {[%emt 0:00:30]} 11. O-O {[%emt 0:03:35]} Qb4 {[%emt 0:01:58]} 12. Bf4 {[%emt 0:01:18]} Ne8 {[%emt 0:07:33]} 13. Be5 {[%emt 0:03:04]} Nd6 {[%emt 0:02:53]} 14. Nf4 {[%emt 0:01:04]} Qxb3 {[%emt 0:00:29]} 15. axb3 {[%emt 0:00:05]} Nc7 {[%emt 0:00:56]} 16. Rfe1 {[%emt 0:00:39]} Bh6 {[%emt 0:01:27]} 17. Nd3 {[%emt 0:01:19]} a6 {[%emt 0:11:06]} 18. Nc5 {[%emt 0:05:38]} Kf8 {[%emt 0:03:41]} 19. N3a4 {[%emt 0:01:38]} Rb8 {[%emt 0:01:40]} 20. Nb6 {[%emt 0:00:33]} Bf5 {[%emt 0:02:55]} 21. h3 {[%emt 0:05:56]} f6 {[%emt 0:00:27]} 22. g4 {[%emt 0:01:08]} fxe5 23. gxf5 {[%emt 0:00:30]} exd4 {[%emt 0:01:56]} 24. Nbd7+ {[%emt 0:00:30]} Kf7 {[%emt 0:00:30]} 25. Nxb8 {[%emt 0:00:30]} Rxb8 {[%emt 0:00:30]} 26. Nd7 {[%emt 0:00:30]} Rg8 {[%emt 0:00:30]} 27. fxg6+ {[%emt 0:00:30]} hxg6 {[%emt 0:00:30]} 28. Ne5+ {[%emt 0:00:30]} Kf8 {[%emt 0:00:30]} 29. Rad1 {[%emt 0:00:30]} Ncb5 {[%emt 0:00:30]} 30. Nd7+ {[%emt 0:00:30]} Kf7 {[%emt 0:00:30]} 31. Re6 {[%emt 0:00:30]} Bf4 {[%emt 0:00:30]} 32. Rde1 {[%emt 0:00:30]} Re8 {[%emt 0:00:30]} 33. Be4 {[%emt 0:00:30]} Nxe4 {[%emt 0:00:30]} 34. R1xe4 {[%emt 0:00:30]} g5 {[%emt 0:00:30]} 35. Ne5+ {[%emt 0:00:30]} Bxe5 {[%emt 0:00:30]} 36. R4xe5 {[%emt 0:00:30]} d3 {[%emt 0:00:30]} 37. Rf5+ {[%emt 0:00:30]} Kg7 {[%emt 0:00:30]} 38. Rxg5+ {[%emt 0:00:30]} Kf7 {[%emt 0:00:30]} 39. Rf5+ {[%emt 0:00:30]} Kg7 {[%emt 0:00:30]} 40. Rg5+ {[%emt 0:00:30]} Kf7 {[%emt 0:00:30]} 41. Re3 {[%emt 0:00:30]} Kf6 {[%emt 0:00:30]} 42. h4 {[%emt 0:00:30]} 1-0

[Event "80th GEO-ch 2021"]
[Site "Tbilisi"]
[Date "2021.04.22"]
[Round "3.2"]
[White "Shanava, Konstantine"]
[Black "Pantsulaia, Levan"]
[Result "1-0"]
[WhiteElo "2504"]
[BlackElo "2553"]
[Annotator "TA"]
[PlyCount "71"]
[EventDate "2021.04.20"]
[EventType "tourn"]
[EventCountry "GEO"]
[SourceTitle "playchess.com"]
[Source "ChessBase"]
[SourceQuality "1"]

{[%evp 14,71,21,28,31,29,30,0,0,0,37,37,109,110,104,77,77,68,70,70,51,39,50,28,30,35,28,-59,113,100,148,67,87,57,756,637,653,644,843,562,813,797,729,633,625,588,589,579,685,682,677,676,631,597,721,707,704,695,742,733]} 1. e4 c5 2. Nf3 e6 3. d4 cxd4 4. Nxd4 a6 5. Bd3 Bc5 6. Nb3 Ba7 7. Qg4 Nf6 8. Qg3 {And now e5 would win.} d6 {B42: Sicilian: Kan Variation: 5 Bd3.} 9. Nc3 (9. Qxg7 Rg8 $17) 9... Nc6 10. Bg5 (10. Qxg7 Rg8 $17) 10... h6 {The position is equal.} 11. Bd2 Ne5 12. Be2 g5 (12... b5 $14) 13. O-O-O $16 Rg8 {[#]} 14. h4 $146 {[%cal Rh4g5]} ({Predecessor:} 14. Be3 Bb8 15. f3 Bd7 16. h4 b5 17. hxg5 b4 18. Nb1 hxg5 {½-½ (18) Markgraf,A (2447)-Lanka,Z (2482) Hamburg 2007}) 14... b5 15. a3 {[%cal Rh4g5]} g4 16. h5 (16. Bxh6 Nh5 $15) 16... Bb7 17. Bf4 Qe7 $1 18. Nd2 (18. Bxe5 dxe5 19. Qxe5 Rg5 $15) 18... Rc8 19. Bxh6 Bd4 20. Bf4 (20. Ndb1 $11 Bxc3 21. Nxc3) 20... Qc7 $2 (20... Bxc3 $15 21. bxc3 Bxe4) 21. h6 $36 {[%mdl 2048] White is in control.} Bxe4 {[%cal Rd4c3] [#]} 22. Nc4 $1 {[%mdl 512]} Nxc4 $14 23. Rxd4 {[%mdl 64] Double Attack} e5 $2 {[%mdl 8192] Black cannot hold the game after this.} 24. Nxe4 {White is clearly winning.} Nxe4 25. Rxe4 Nd2 {[%csl Gc8][%cal Rc7c2]} 26. Qd3 ({Inferior is} 26. Kxd2 Qxc2+ 27. Ke1 Qb1+ 28. Bd1 Qxe4+ 29. Be3 Rc1 $11) 26... Nxe4 27. Qxe4 Qc6 28. Qxc6+ Rxc6 29. Bd2 f5 30. Rh5 Rf8 31. Bd3 e4 32. Be2 Rc7 33. Bc3 Rh7 34. Bg7 Rf7 35. Rg5 Kd7 36. Kd2 {Weighted Error Value: White=0.29/Black=0.26} 1-0

[Event "80th GEO-ch 2021"]
[Site "Tbilisi"]
[Date "2021.04.22"]
[Round "3.3"]
[White "Quparadze, Giga"]
[Black "Paichadze, Luka"]
[Result "1/2-1/2"]
[WhiteElo "2463"]
[BlackElo "2565"]
[Annotator "TA"]
[PlyCount "114"]
[EventDate "2021.04.20"]
[EventType "tourn"]
[EventCountry "GEO"]
[SourceTitle "playchess.com"]
[Source "ChessBase"]
[SourceQuality "1"]

{[%evp 24,114,21,2,17,13,4,17,10,0,36,27,22,33,52,32,39,9,16,9,37,0,0,0,0,-34,0,-4,-4,-5,0,-6,-4,-5,0,0,0,0,0,0,0,-8,-12,-16,-15,-21,0,0,0,0,0,0,0,0,0,0,4,-8,0,-8,-8,-8,0,0,0,0,0,0,8,8,8,8,8,8,8,8,8,8,8,8,8,8,8,0,0,0,0,-12812,0,0,0,0,8]} 1. e4 c6 2. d4 d5 3. Nc3 dxe4 4. Nxe4 Bf5 5. Ng3 Bg6 6. h4 h6 7. Nf3 Nd7 8. h5 Bh7 9. Bd3 Bxd3 10. Qxd3 e6 11. Bd2 Ngf6 12. O-O-O Be7 13. Kb1 c5 {B19: Classical Caro-Kann: 4...Bf5 main line.} 14. d5 Nxd5 {[#]} 15. Nf5 $1 Bf6 16. Nd6+ Ke7 {[#]} 17. Nf5+ {[%mdl 1024] White has compensation.} Kf8 {[#]} 18. c4 $1 {[#]} Qb6 $146 {[%csl Gf6][%cal Rb6b2] [#]} (18... N5b6 19. Ne3) ({Predecessor:} 18... N5b6 19. Ne3 Ne5 20. Nxe5 Bxe5 21. Qxd8+ Rxd8 22. Bb4 Ke8 23. Bxc5 Nd7 24. Bxa7 b6 {½-½ (44) Piccoli,F (2073)-Zaas,P (2366) ICCF email 2018}) 19. b3 Qa6 20. Ne3 Nxe3 ({Wrong is} 20... Qa3 $2 21. Bc1 $18) 21. Bxe3 Rd8 22. Qe4 (22. Bf4 $5 {[%cal Rf4c7]} Qc6 23. Qe3 $11) 22... b5 23. cxb5 Qxb5 24. Rc1 a5 25. Qc4 $132 {[%mdl 2048] White has counterplay} Qxc4 26. Rxc4 Ke7 27. Bxc5+ Nxc5 28. Rxc5 a4 29. Rc7+ Rd7 30. Rxd7+ Kxd7 $11 {[%mdl 4096] Endgame KRB-KRN} 31. Rd1+ ({Much worse is} 31. bxa4 Rb8+ 32. Kc1 Rb4 $17) 31... Kc6 32. Nd4+ Kc5 33. Nc2 axb3 34. axb3 Rd8 (34... Rb8 {feels hotter.} 35. Rd3 Rb5 36. Kc1 Kc6 37. g4 g6) 35. Rxd8 Bxd8 {KB-KN} 36. Kc1 Kd5 37. Kd2 Ke5 38. Ke2 Kf4 39. Ne3 Kg5 40. g4 Kf4 41. f3 Be7 42. Nc2 Bc5 43. b4 Ba7 44. b5 f5 (44... Bc5 {looks sharper.} 45. Na1 Ke5 46. Kd3 Kf4 47. Ke2) 45. gxf5 exf5 46. Nb4 Kg5 47. Nd5 Kxh5 48. b6 Bb8 49. Ne7 f4 (49... Kg5 {is interesting.} 50. b7 h5 51. Nc6 Bd6 52. Kf2 Kf4) 50. Kd2 g5 51. b7 g4 {...g3 is the strong threat.} 52. Nc6 Bd6 {And now ...g3 would win.} 53. b8=Q (53. Ke2 {is more complex.} Kg5 54. b8=Q Bxb8 55. Nxb8 h5 56. Kf2) 53... Bxb8 54. Nxb8 Kh4 {Strongly threatening ...g3.} 55. fxg4 {[%mdl 8192] [#]} (55. Nc6 $11) 55... Kxg4 $2 (55... Kh3 $1 $19 {Hoping for ...f3.} 56. Nd7 f3) 56. Nc6 h5 57. Ne5+ Kf5 {Weighted Error Value: White=0.22/Black=0.13} 1/2-1/2

[Event "80th GEO-ch 2021"]
[Site "Tbilisi"]
[Date "2021.04.22"]
[Round "3.4"]
[White "Petriashvili, Nikoloz"]
[Black "Gagunashvili, Merab"]
[Result "1-0"]
[WhiteElo "2425"]
[BlackElo "2584"]
[Annotator "TA"]
[PlyCount "68"]
[EventDate "2021.04.20"]
[EventType "tourn"]
[EventCountry "GEO"]
[SourceTitle "playchess.com"]
[Source "ChessBase"]
[SourceQuality "1"]

{[%evp 14,68,57,45,50,55,83,79,119,123,122,120,125,123,123,116,127,121,124,121,118,118,137,142,181,172,289,269,497,514,512,514,520,516,516,497,479,566,595,568,589,463,633,626,632,619,626,602,602,600,656,652,752,716,1311,1447,2243]} 1. e4 c5 2. Nf3 e6 3. d4 cxd4 4. Nxd4 a6 5. c4 Nf6 6. Nc3 Qc7 7. Be2 b6 8. Be3 Bb7 {B41: Sicilian: Kan Variation: 5 c4.} 9. f3 Bd6 10. Qd2 {aiming for Ncb5!} Bxh2 {White is better.} 11. O-O-O Be5 {[#]} 12. f4 $146 ({Predecessor:} 12. g4 Nc6 13. Nxc6 dxc6 14. Na4 Nd7 15. f4 Bf6 16. Qxd7+ Qxd7 17. Rxd7 Kxd7 18. Nxb6+ {0-1 (54) Doluhanova,E (2259)-Mullon,J (2388) Nancy 2017}) 12... Bxd4 13. Qxd4 Nc6 14. Qxb6 Qxb6 15. Bxb6 {Black must now prevent e5.} Ne7 16. Bf3 Rc8 {[#]} 17. b3 d5 18. exd5 Nexd5 {[#]} 19. Kd2 $1 Nxc3 (19... Nxb6 $142 20. Bxb7 Rd8+ 21. Ke3 Ke7 22. Rxd8 (22. Bxa6 Rxd1 23. Rxd1 Rg8 $18) 22... Rxd8 23. Bxa6 Nc8) 20. Bxb7 $18 ({But not} 20. Kxc3 $2 Bxf3 21. gxf3 Nd5+ 22. Rxd5 exd5 $19) 20... Nfe4+ (20... Nxd1 21. Bxc8 O-O 22. Bxe6 (22. Rxd1 Rxc8 23. Ke2 h5 $16) (22. Bxa6 Ra8 $18) 22... fxe6) 21. Ke3 {White is clearly winning.} Nxd1+ 22. Rxd1 Nc3 23. Rd3 Rb8 24. Bc6+ Kf8 25. Bc5+ Kg8 26. Rxc3 h5 {and the idea ...Rc8 leaves Black hopeful.} 27. Rd3 Rc8 28. Rd6 h4 29. Bb6 h3 30. gxh3 Rxh3+ 31. Kd4 Rh2 32. Kc3 Rxa2 33. c5 Kf8 34. Bb7 Kg8 {White took control after the opening.  Weighted Error Value: White=0.06/Black=0.34} 1-0

[Event "80th GEO-ch 2021"]
[Site "Tbilisi"]
[Date "2021.04.22"]
[Round "3.5"]
[White "Arabidze, Meri"]
[Black "Kacharava, Nikolozi"]
[Result "1/2-1/2"]
[WhiteElo "2437"]
[BlackElo "2443"]
[Annotator "TA"]
[PlyCount "70"]
[EventDate "2021.04.20"]
[EventType "tourn"]
[EventCountry "GEO"]
[SourceTitle "playchess.com"]
[Source "ChessBase"]
[SourceQuality "1"]

{[%evp 11,70,0,0,-3,-14,-30,-18,-38,0,-10,8,-79,-20,-6,47,42,163,139,294,285,250,257,242,30,42,41,33,33,37,25,24,16,47,45,45,47,42,43,59,12,17,10,32,22,44,19,19,15,16,16,23,18,18,18,22,0,18,0,29,0,28]} 1. d4 d5 2. c4 e6 3. g3 Nf6 4. Bg2 dxc4 5. Nf3 c6 6. O-O b5 7. a4 {E04: Open Catalan: 5 Nf3.} Bb7 8. b3 cxb3 9. Qxb3 a6 10. Rd1 Nbd7 11. Nc3 (11. Ne5 $11 {keeps the balance.}) 11... Be7 ({Better is} 11... b4 $17 12. Ne1 a5) 12. Ne5 $11 Qc8 (12... b4 $11 13. Bg5 Nxe5 14. Bxf6 Ng4 15. Bxe7 Qxe7) 13. Ba3 $14 {[%cal Ra4b5] [#]} ({Don't play} 13. axb5 cxb5 14. Ba3 Bxa3 $15) 13... Bxa3 $146 (13... c5 $14 14. Bxb7 (14. axb5 Bxg2 15. Kxg2 Nxe5 $11) 14... Qxb7 15. axb5 Nxe5 16. dxe5 Nd7) ({Predecessor:} 13... Nd5 14. Nxd5 exd5 15. Bxe7 Kxe7 16. Qa3+ Ke8 17. Bh3 Nxe5 18. Bxc8 Nc4 19. Bxb7 Nxa3 20. Bxa8 {1-0 (29) Molaei,M (2158)-Motaghi,F (1994) Teheran 2020}) 14. Qxa3 $18 ({And not} 14. Rxa3 O-O $11) 14... Qc7 $2 (14... Qb8 $16 {was worth a try.} 15. Bxc6 Bxc6 16. Nxc6 b4) 15. axb5 $1 cxb5 {[#] With the idea ...Bxg2.} 16. Rac1 $1 Qb8 {[#] And now ...Bxg2 would win.} 17. Bxb7 (17. Nxd7 $1 $18 Nxd7 18. d5) 17... Qxb7 $11 18. Qd6 Qb8 19. Qc6 {Black must now prevent Ne4.} Qc8 $1 20. Qxc8+ Rxc8 {[#]} 21. Nxb5 $1 {[%mdl 64] Discovered Attack} Ke7 (21... Rxc1 22. Rxc1) 22. Na7 Rxc1 23. Rxc1 {Hoping for Nac6+.} Ra8 $1 24. Nac6+ Kf8 25. Na5 (25. Nc4 {looks sharper.} Rc8 26. Nd6 Ra8 27. Na5 Ne8 28. Ndb7) 25... Nxe5 26. dxe5 {[%mdl 4096] Endgame KRN-KRN} Nd7 27. f4 f6 28. exf6 gxf6 29. Rc6 Kf7 30. Kf2 f5 31. Kf3 Nf6 32. Rc7+ Kf8 33. Rc6 Kf7 34. Rc7+ Kf8 $1 35. Rc6 Kf7 {Weighted Error Value: White=0.22/Black=0.20} 1/2-1/2

[Event "80th GEO-ch 2021"]
[Site "Tbilisi"]
[Date "2021.04.23"]
[Round "4.1"]
[White "Azaladze, Shota"]
[Black "Kacharava, Nikolozi"]
[Result "0-1"]
[WhiteElo "2439"]
[BlackElo "2443"]
[Annotator "TA"]
[PlyCount "82"]
[EventDate "2021.04.20"]
[EventType "tourn"]
[EventCountry "GEO"]
[SourceTitle "playchess.com"]
[Source "ChessBase"]
[SourceQuality "1"]

{[%evp 11,82,-13,-10,-18,0,-4,-13,0,-8,-6,-6,-15,0,-28,-33,-94,-91,-91,-87,-81,-93,-83,-96,-120,-112,-241,-241,-241,-223,-240,-225,-229,-218,-222,-225,-231,-227,-216,-223,-339,-302,-371,-389,-443,-443,-519,-519,-527,-509,-560,-554,-521,-430,-572,-571,-690,-710,-708,-678,-822,-818,-796,-798,-1035,-1022,-1131,-1142,-29973,-29974,-29973,-29975,-29970,-29966]} 1. Nf3 d5 2. g3 Nc6 3. c4 d4 4. Bg2 e5 5. d3 Bb4+ 6. Bd2 a5 7. O-O {A09: Réti Opening: 1 Nf3 d5 2 c4.} Nf6 8. Na3 {8.Bg5 is more fashionable.} O-O 9. Bxb4 {The position is equal.} axb4 10. Nc2 Qe7 11. Re1 Rd8 12. Qd2 {[#]} h6 $146 ({Predecessor:} 12... Qc5 13. Ng5 Rb8 14. a3 b3 15. Nb4 Ne7 16. Rac1 h6 17. Nf3 Be6 18. Qd1 Qa5 {½-½ (36) Gdanski,J (2518)-Van Kampen,R (2618) Warsaw 2013}) 13. h3 {[#]} (13. e3 $15 dxe3 14. Qxe3) 13... e4 $1 $17 {[%cal Re4f3]} 14. dxe4 Nxe4 15. Qf4 g5 16. Qc1 Qf6 17. Rf1 Nc5 $36 {[%mdl 2048] Black is in control.} 18. h4 {This costs White the game.} (18. e3 $17) 18... b3 $19 19. hxg5 hxg5 20. axb3 Nxb3 {[%mdl 64] Double Attack} 21. Rxa8 Nxc1 22. Rxc1 Bf5 23. Rxd8+ Qxd8 24. Nfe1 Na5 25. Rd1 (25. b4 {is a better defense.} Nb3 26. Rd1) 25... Nb3 ({Weaker is} 25... Nxc4 26. Rxd4 Nd6 27. e4 $17) 26. Bxb7 Qe7 {Strongly threatening ...Bxc2.} 27. e3 d3 {[%mdl 64] Decoy} 28. Nxd3 Bxd3 29. Rxd3 Nc5 {[%csl LRb7,LRd3][%mdl 64] Double Attack} 30. Rd5 Nxb7 31. Nd4 Nd6 32. c5 Ne4 33. b4 Nc3 34. Rf5 f6 35. b5 Kf7 36. b6 cxb6 37. c6 Kg6 38. Kg2 {[#]} Ne2 $1 {[%mdl 512] ...Nxd4 is the strong threat.} 39. g4 (39. Rf3 g4) 39... Nxd4 {Black mates.} 40. exd4 Qe4+ {[%mdl 64] Double Attack} 41. Kg3 Qxd4 {Weighted Error Value: White=0.47/Black=0.06} 0-1

[Event "80th GEO-ch 2021"]
[Site "Tbilisi"]
[Date "2021.04.23"]
[Round "4.2"]
[White "Gagunashvili, Merab"]
[Black "Arabidze, Meri"]
[Result "1/2-1/2"]
[WhiteElo "2584"]
[BlackElo "2437"]
[Annotator "ChessBase"]
[PlyCount "243"]
[EventDate "2021.04.20"]
[EventType "tourn"]
[EventCountry "GEO"]
[SourceTitle "playchess.com"]
[Source "ChessBase"]
[SourceQuality "1"]
[TimeControl "5400+30"]

1. e4 {[%emt 0:00:00]} e5 {[%emt 0:00:00]} 2. Nf3 {[%emt 0:00:00]} Nc6 {[%emt 0:00:00]} 3. Bc4 {[%emt 0:00:02]} Bc5 {[%emt 0:00:04]} 4. O-O {[%emt 0:00:31]} Nf6 {[%emt 0:00:18]} 5. d3 {[%emt 0:00:14]} d6 {[%emt 0:00:31]} 6. c3 {[%emt 0:00:32]} h6 {[%emt 0:01:16]} 7. b4 {[%emt 0:02:11]} Bb6 {[%emt 0:00:17]} 8. a4 {[%emt 0:00:08]} a6 {[%emt 0:00:29]} 9. Nbd2 {[%emt 0:01:49]} O-O {[%emt 0:00:40]} 10. Bb3 {[%emt 0:03:44]} Be6 {[%emt 0:06:19]} 11. a5 {[%emt 0:11:49]} Ba7 {[%emt 0:02:21]} 12. Nc4 {[%emt 0:00:46]} Ne7 {[%emt 0:02:42]} 13. Re1 {[%emt 0:01:03]} Ng6 {[%emt 0:02:05]} 14. Be3 {[%emt 0:04:33]} Bxe3 {[%emt 0:09:40]} 15. Nxe3 {[%emt 0:00:19]} Qd7 {[%emt 0:03:29]} 16. Ba4 {[%emt 0:01:40]} Qc8 {[%emt 0:02:41]} 17. Qc2 {[%emt 0:02:11]} Ng4 {[%emt 0:07:21]} 18. d4 {[%emt 0:02:52]} Nxe3 {[%emt 0:07:16]} 19. Rxe3 {[%emt 0:00:32]} Bg4 {[%emt 0:01:53]} 20. Nd2 {[%emt 0:11:05]} Nf4 {[%emt 0:02:12]} 21. f3 {[%emt 0:07:28]} Be6 {[%emt 0:06:13]} 22. Nf1 {[%emt 0:09:35]} Qd8 {[%emt 0:06:11]} 23. Ree1 {[%emt 0:00:55]} h5 {[%emt 0:08:13]} 24. Rad1 {[%emt 0:01:09]} Qg5 {[%emt 0:00:50]} 25. Ne3 {[%emt 0:03:52]} Rad8 {[%emt 0:02:29]} 26. Bb3 {[%emt 0:09:13]} Bxb3 {[%emt 0:03:58]} 27. Qxb3 {[%emt 0:00:03]} d5 {[%emt 0:05:19]} 28. Qc2 {[%emt 0:04:25]} dxe4 {[%emt 0:02:42]} 29. fxe4 {[%emt 0:00:34]} h4 {[%emt 0:02:05]} 30. Kh1 {[%emt 0:01:02]} exd4 {[%emt 0:08:02]} 31. cxd4 {[%emt 0:00:19]} c6 {[%emt 0:01:39]} 32. Qc5 {[%emt 0:01:34]} f5 {[%emt 0:02:53]} 33. Qc4+ {[%emt 0:11:36]} Kh8 {[%emt 0:00:17]} 34. e5 {[%emt 0:01:41]} Rde8 {[%emt 0:02:25]} 35. Qf1 {[%emt 0:00:22]} Ne6 {[%emt 0:01:08]} 36. Nc4 {[%emt 0:00:21]} h3 {[%emt 0:00:55]} 37. gxh3 {[%emt 0:01:30]} Qh5 {[%emt 0:00:27]} 38. Nd6 {[%emt 0:00:51]} Re7 {[%emt 0:00:01]} 39. Qe2 {[%emt 0:02:53]} Qxh3 {[%emt 0:01:03]} 40. Rf1 {[%emt 0:01:19]} g6 {[%emt 0:00:59]} 41. Qg2 {[%emt 0:01:14]} Qxg2+ {[%emt 0:00:22]} 42. Kxg2 {[%emt 0:00:02]} Kg7 {[%emt 0:00:10]} 43. Kg3 {[%emt 0:01:08]} Rh8 {[%emt 0:00:36]} 44. h4 {[%emt 0:00:34]} Nd8 {[%emt 0:00:49]} 45. Nc4 {[%emt 0:00:51]} Ne6 {[%emt 0:00:14]} 46. Nb6 {[%emt 0:00:44]} Rd8 {[%emt 0:00:41]} 47. d5 {[%emt 0:00:48]} cxd5 {[%emt 0:00:05]} 48. Rxd5 {[%emt 0:00:20]} Rxd5 {[%emt 0:00:07]} 49. Nxd5 {[%emt 0:00:01]} Rd7 {[%emt 0:00:07]} 50. Nf6 {[%emt 0:00:50]} Rd4 {[%emt 0:01:02]} 51. Rb1 {[%emt 0:00:46]} Rd3+ {[%emt 0:00:49]} 52. Kf2 {[%emt 0:00:10]} Kf7 {[%emt 0:01:01]} 53. b5 {[%emt 0:00:10]} Nc5 {[%emt 0:00:15]} 54. Rc1 {[%emt 0:01:16]} Ne6 {[%emt 0:00:44]} 55. bxa6 {[%emt 0:00:22]} bxa6 {[%emt 0:00:01]} 56. Rc6 {[%emt 0:00:05]} Rf3+ {[%emt 0:00:40]} 57. Kg2 {[%emt 0:00:40]} Re3 {[%emt 0:00:10]} 58. Rxa6 {[%emt 0:00:42]} Rxe5 {[%emt 0:00:02]} 59. Nd7 {[%emt 0:00:14]} Rd5 {[%emt 0:00:20]} 60. Ra7 {[%emt 0:00:04]} Rd2+ {[%emt 0:00:41]} 61. Kf3 {[%emt 0:00:12]} Rc2 {[%emt 0:01:21]} 62. a6 {[%emt 0:00:37]} Rc3+ {[%emt 0:00:32]} 63. Kf2 {[%emt 0:00:10]} Nc7 {[%emt 0:00:44]} 64. Rb7 {[%emt 0:01:47]} Nxa6 {[%emt 0:00:23]} 65. Nc5+ {[%emt 0:00:04]} Kf6 {[%emt 0:00:20]} 66. Rb6+ {[%emt 0:00:42]} Kf7 {[%emt 0:00:46]} 67. Nxa6 {[%emt 0:00:05]} Rc2+ {[%emt 0:00:23]} 68. Ke3 {[%emt 0:00:31]} Rc3+ {[%emt 0:00:08]} 69. Kd4 {[%emt 0:00:36]} Rh3 {[%emt 0:00:06]} 70. Nc5 {[%emt 0:00:55]} Rxh4+ {[%emt 0:00:47]} 71. Ke5 {[%emt 0:00:01]} Ke7 {[%emt 0:01:03]} 72. Rb7+ {[%emt 0:00:50]} Kd8 {[%emt 0:00:01]} 73. Ne6+ {[%emt 0:00:12]} Kc8 {[%emt 0:00:01]} 74. Rg7 {[%emt 0:00:16]} Rh1 {[%emt 0:00:17]} 75. Kd6 {[%emt 0:00:36]} Rd1+ {[%emt 0:00:24]} 76. Kc6 {[%emt 0:00:04]} Rc1+ {[%emt 0:00:07]} 77. Nc5 {[%emt 0:00:07]} Kd8 {[%emt 0:00:06]} 78. Kd6 {[%emt 0:00:17]} Rd1+ {[%emt 0:00:11]} 79. Ke6 {[%emt 0:00:05]} Re1+ {[%emt 0:00:15]} 80. Kf6 {[%emt 0:00:05]} f4 {[%emt 0:00:27]} 81. Ne6+ {[%emt 0:00:18]} Kc8 {[%emt 0:00:03]} 82. Nxf4 {[%emt 0:00:22]} g5 {[%emt 0:00:17]} 83. Rxg5 {[%emt 0:00:15]} Kd7 {[%emt 0:00:26]} 84. Rd5+ {[%emt 0:00:07]} Kc6 {[%emt 0:00:06]} 85. Rd2 {[%emt 0:00:06]} Rf1 {[%emt 0:00:46]} 86. Ke5 {[%emt 0:00:06]} Re1+ {[%emt 0:00:12]} 87. Ne2 {[%emt 0:00:03]} Rh1 {[%emt 0:00:16]} 88. Nd4+ {[%emt 0:00:07]} Kc5 {[%emt 0:01:11]} 89. Rc2+ {[%emt 0:00:02]} Kb4 {[%emt 0:00:08]} 90. Nf3 {[%emt 0:00:05]} Kb5 {[%emt 0:00:35]} 91. Kd5 {[%emt 0:00:09]} Rd1+ {[%emt 0:01:25]} 92. Nd4+ {[%emt 0:00:03]} Kb6 {[%emt 0:00:03]} 93. Rc4 {[%emt 0:00:06]} Kb7 {[%emt 0:00:56]} 94. Kd6 {[%emt 0:00:14]} Rb1 {[%emt 0:01:07]} 95. Rc3 {[%emt 0:00:20]} Kb6 {[%emt 0:00:44]} 96. Rd3 {[%emt 0:00:22]} Kb7 {[%emt 0:00:50]} 97. Nc6 {[%emt 0:00:15]} Kb6 {[%emt 0:00:38]} 98. Ne5 {[%emt 0:00:09]} Kb7 {[%emt 0:00:50]} 99. Nd7 {[%emt 0:00:08]} Rh1 {[%emt 0:01:11]} 100. Rb3+ {[%emt 0:00:06]} Ka7 {[%emt 0:00:34]} 101. Ne5 {[%emt 0:00:21]} Rh6+ {[%emt 0:00:37]} 102. Kc5 {[%emt 0:00:07]} Rh5 {[%emt 0:00:10]} 103. Kd5 {[%emt 0:00:05]} Ka6 {[%emt 0:00:38]} 104. Kd6 {[%emt 0:00:11]} Rh6+ {[%emt 0:00:15]} 105. Kc5 {[%emt 0:00:04]} Rh5 {[%emt 0:00:14]} 106. Kd5 {[%emt 0:00:16]} Ka7 {[%emt 0:00:15]} 107. Kd6 {[%emt 0:00:16]} Rh6+ {[%emt 0:00:08]} 108. Kc7 {[%emt 0:00:13]} Rh7+ {[%emt 0:00:14]} 109. Nd7 {[%emt 0:00:18]} Ka6 {[%emt 0:00:02]} 110. Kc6 {[%emt 0:00:09]} Rh6+ {[%emt 0:00:14]} 111. Kd5 {[%emt 0:00:04]} Rh5+ {[%emt 0:00:11]} 112. Ne5 {[%emt 0:00:04]} Ka7 {[%emt 0:00:09]} 113. Rb4 {[%emt 0:00:23]} Ka6 {[%emt 0:00:33]} 114. Kd6 {[%emt 0:00:05]} Rh6+ {[%emt 0:00:18]} 115. Kc5 {[%emt 0:00:04]} Rh5 {[%emt 0:00:24]} 116. Rb6+ {[%emt 0:00:06]} Ka5 {[%emt 0:01:51]} 117. Re6 {[%emt 0:00:02]} Ka4 {[%emt 0:00:14]} 118. Kc4 {[%emt 0:00:02]} Rh4+ {[%emt 0:00:10]} 119. Kc3 {[%emt 0:00:04]} Kb5 {[%emt 0:00:12]} 120. Nf3 {[%emt 0:00:05]} Rh3 {[%emt 0:00:30]} 121. Re3 {[%emt 0:00:02]} Rh1 {[%emt 0:00:25]} 122. Nd4+ {[%emt 0:18:40]} 1/2-1/2